16 Villes d'Europe en T et en images - Statistiques

Statistiques générales
  • Ce quiz a été pris 55 fois
  • Le résultat moyen est 6 sur 16
Statistiques - réponses
Par images Hint Réponse % Correct
France Toulouse
100%
Italie Turin
84%
Estonie Tallinn
76%
Albanie Tirana
68%
Grèce Thessalonique
50%
Belgique Tournai
48%
Norvège Tromso
32%
Allemagne Trèves
30%
Norvege Trondheim
28%
Finlande Tampere
24%
Roumanie Timisoara
24%
Italie Tarente
20%
Espagne Tarragone
20%
Suisse Thoune
18%
France Thonon-les-Bains
4%
Portugal Tomar
2%
Aucun quiz correspondant
Distribution des résultats
% des personnes avec chaque résultat
Percentile par nombre de réponses
Votre historique - résultats
Vous n’avez pas pris ce quiz